[Event "Challenge"]
[Site "http://www.queenalice.com/game.php?id=828288"]
[Date "2010.9.5"]
[Round "-"]
[White "orlando"]
[Black "MonteiroM"]
[Result "0-1"]
[WhiteElo "1495"]
[BlackElo "1592"]

1. g3 d5 2. b3 e5 3. Bg2 c5 4. Bb2 Nc6 5. Nh3 Nf6 6. O-O Be7 7. e3 O-O 8. a4 Bf5
9. c4 d4 10. exd4 exd4 11. Nf4 Qd7 12. Nd5 Nxd5 13. Bxd5 Nb4 14. Na3 Nxd5 15.
cxd5 Qxd5 16. f3 Bd3 17. Re1 Bf6 18. Kg2 a6 19. Nc4 Bxc4 20. bxc4 Qxc4 21. d3
Qd5 22. Qd2 b5 23. axb5 axb5 24. Rxa8 Rxa8 25. Qf4 h6 26. Kf1 c4 27. Rc1 Bg5 28.
dxc4 Bxf4 29. cxd5 Bxc1 30. Bxd4 Ra2 31. d6 Rd2 32. Bc5 Kf8 33. Ke1 Rd5 34. d7+
Kg8 35. d8=Q+ Rxd8 36. Ke2 Bd2 37. Be3 Bxe3 38. Kxe3 b4 39. f4 b3 40. Kf3 b2 41.
Kg4 b1=Q 42. h4 Qd1+ 43. Kf5 Rd5+ 44. Ke4 Qd3# 0-1

[Event "Challenge"]
[Site "http://www.queenalice.com/game.php?id=831729"]
[Date "2010.9.12"]
[Round "-"]
[White "Greeley"]
[Black "MonteiroM"]
[Result "0-1"]
[WhiteElo "1984"]
[BlackElo "2013"]

1. b4 d5 2. Bb2 Nf6 3. e3 Nbd7 4. Nf3 e6 5. b5 c5 6. c4 Be7 7. Be2 O-O 8. O-O b6
9. d3 Bb7 10. Nbd2 dxc4 11. dxc4 Ne4 12. Qc2 Ndf6 13. Rfd1 Qc7 14. Bd3 Nxd2 15.
Nxd2 Rad8 16. Rac1 h6 17. Be2 Rd7 18. Bf3 Rfd8 19. Bxb7 Qxb7 20. Nf3 Qe4 21.
Rxd7 Rxd7 22. Qe2 Qd3 23. Qxd3 Rxd3 24. Kf1 Ne4 25. Ke2 Rd8 26. Rc2 Bf6 0-1

[Event "Challenge"]
[Site "http://www.queenalice.com/game.php?id=831730"]
[Date "2010.9.12"]
[Round "-"]
[White "Harry28"]
[Black "MonteiroM"]
[Result "0-1"]
[WhiteElo "2029"]
[BlackElo "2047"]

1. e4 c5 2. Nf3 Nc6 3. d4 cxd4 4. Nxd4 e5 5. Nb3 d6 6. c4 Be7 7. Nc3 f5 8. Bd3
f4 9. Qh5+ g6 10. Qe2 Nf6 11. Bd2 O-O 12. g3 f3 13. Qxf3 Ng4 14. Qg2 Nxf2 15.
Be2 Nxh1 16. Qxh1 Bg5 17. O-O-O Bxd2+ 18. Rxd2 Qg5 19. Kc2 Rf2 20. c5 Nb4+ 21.
Kd1 Bg4 22. Ke1 Qe3 23. cxd6 Bxe2 24. Nxe2 Raf8 25. d7 Nd3+ 0-1

[Event "AUTO-OPEN-2100"]
[Site "http://www.queenalice.com/game.php?id=831863"]
[Date "2010.9.12"]
[Round "1"]
[White "MonteiroM"]
[Black "luiz_guilherme"]
[Result "1-0"]
[WhiteElo "1652"]
[BlackElo "1037"]

1. e4 d6 2. d4 Bg4 3. Qxg4 h6 4. Nf3 g6 5. Bc4 h5 6. Qf4 e6 7. Nc3 Bh6 8. Qg3 g5
9. Bxg5 f6 10. Bxh6 Nxh6 11. Qg6+ Ke7 12. Qg7+ Ke8 13. Qxh8+ Kd7 14. Qxh6 Nc6
15. d5 exd5 16. Bxd5 Qe8 17. Qxf6 a5 18. Ng5 a4 19. Be6+ Qxe6 20. Qxe6+ Kd8 21.
Nf7# 1-0

[Event "AUTO-OPEN-2100"]
[Site "http://www.queenalice.com/game.php?id=831864"]
[Date "2010.9.12"]
[Round "1"]
[White "luiz_guilherme"]
[Black "MonteiroM"]
[Result "0-1"]
[WhiteElo "1037"]
[BlackElo "1592"]

1. b4 d5 2. Nc3 Nf6 3. h4 e5 4. b5 Bc5 5. Rh3 Bxh3 6. gxh3 O-O 7. Nf3 Nbd7 8. a4
e4 9. Ng1 d4 10. Na2 Nd5 11. Bg2 Qxh4 12. Kf1 d3 13. cxd3 Qxf2# 0-1

[Event "AUTO-OPEN-2100"]
[Site "http://www.queenalice.com/game.php?id=831865"]
[Date "2010.9.12"]
[Round "1"]
[White "MonteiroM"]
[Black "Lorfman"]
[Result "0-1"]
[WhiteElo "1981"]
[BlackElo "2821"]

1. e4 c5 2. Nf3 d6 3. d4 cxd4 4. Nxd4 Nf6 5. Nc3 a6 6. h3 e6 7. g4 d5 8. exd5
Nxd5 9. Nxd5 Qxd5 10. Rg1 e5 11. Nf3 Qxd1+ 12. Kxd1 Nc6 13. c3 f6 14. Be3 Be6
15. Bb6 Ne7 16. Bg2 Nd5 17. Be3 O-O-O 18. Kc2 Nxe3+ 19. fxe3 h5 20. Bh1 hxg4 21.
hxg4 Bc5 22. Rae1 Kb8 23. a3 Rh3 24. Bg2 Rg3 0-1

[Event "AUTO-OPEN-2100"]
[Site "http://www.queenalice.com/game.php?id=831866"]
[Date "2010.9.12"]
[Round "1"]
[White "Lorfman"]
[Black "MonteiroM"]
[Result "1-0"]
[WhiteElo "2824"]
[BlackElo "2013"]

1. e4 c5 2. Nf3 Nc6 3. d4 cxd4 4. Nxd4 e5 5. Nb5 d6 6. N1c3 a6 7. Na3 b5 8. Nd5
Nce7 9. c4 Nxd5 10. exd5 bxc4 11. Nxc4 Nf6 12. Be3 Rb8 13. Be2 Be7 14. O-O O-O
15. a4 Bb7 16. Nb6 Nd7 17. Nxd7 Qxd7 18. b4 f5 19. b5 axb5 20. Bxb5 Qd8 21. a5
Ba8 22. Bb6 Qc8 23. Rc1 Qb7 24. Rc7 Qxc7 25. Bxc7 Rxb5 26. Qa4 Rxd5 27. Rd1 1-0

[Event "AUTO-OPEN-2100"]
[Site "http://www.queenalice.com/game.php?id=831867"]
[Date "2010.9.12"]
[Round "1"]
[White "MonteiroM"]
[Black "vindaloo"]
[Result "1-0"]
[WhiteElo "1863"]
[BlackElo "1842"]

1. e4 e5 2. Nc3 c5 3. Bc4 Nf6 4. d3 Nc6 5. f4 d6 6. Nf3 Be7 7. O-O O-O 8. f5 a6
9. a4 Re8 10. Ng5 Rf8 11. Be3 Bd7 12. Nh3 Na7 13. g4 b5 14. axb5 axb5 15. Bb3
Bc6 16. g5 Nd7 17. Nd5 Bxd5 18. Bxd5 Rb8 19. Rxa7 Qb6 20. Rxd7 1-0

[Event "AUTO-OPEN-2100"]
[Site "http://www.queenalice.com/game.php?id=831868"]
[Date "2010.9.12"]
[Round "1"]
[White "vindaloo"]
[Black "MonteiroM"]
[Result "0-1"]
[WhiteElo "1841"]
[BlackElo "1933"]

1. e4 c5 2. c4 Nc6 3. Nc3 g6 4. g3 Bg7 5. Bg2 e6 6. Nge2 Nge7 7. O-O O-O 8. Rb1
d6 9. b3 b6 10. Bb2 Bb7 11. d3 a6 12. a3 Qc7 13. b4 Nd4 14. bxc5 bxc5 15. Nxd4
Bxd4 16. Qc2 Rab8 17. Ne2 Nc6 18. Nxd4 Nxd4 19. Bxd4 cxd4 20. f4 d5 21. e5 Rfc8
22. Qb3 dxc4 23. dxc4 Bxg2 0-1

[Event "Challenge"]
[Site "http://www.queenalice.com/game.php?id=840272"]
[Date "2010.10.1"]
[Round "-"]
[White "mig36"]
[Black "MonteiroM"]
[Result "1-0"]
[WhiteElo "2252"]
[BlackElo "2055"]

1. Nf3 d5 2. c4 e6 3. g3 Nf6 4. d4 dxc4 5. Bg2 c6 6. O-O Be7 7. Ne5 O-O 8. Nc3
Nbd7 9. Nxc4 Nb6 10. Ne5 Nbd5 11. Qb3 Nd7 12. Nxd7 Qxd7 13. e4 Nf6 14. Rd1 Rd8
15. Bf4 b6 16. d5 Bb7 17. d6 Bf8 18. e5 Nd5 19. Bg5 Rdc8 20. Ne4 Kh8 21. Qf3 c5
22. Qh5 a6 23. Be7 Bxe7 24. dxe7 Qxe7 25. Ng5 h6 26. Nxf7+ Kg8 27. Nd6 Rf8 28.
Qg6 1-0

[Event "Challenge"]
[Site "http://www.queenalice.com/game.php?id=841679"]
[Date "2010.10.4"]
[Round "-"]
[White "MonteiroM"]
[Black "orlando"]
[Result "1-0"]
[WhiteElo "1652"]
[BlackElo "1495"]

1. e4 g6 2. d4 Bg7 3. Nf3 e6 4. Nc3 Ne7 5. Be2 d5 6. e5 O-O 7. Bg5 c5 8. dxc5
Nbc6 9. Bf4 b6 10. cxb6 Qxb6 11. Rb1 Qc7 12. Nb5 Qa5+ 13. Bd2 Qxa2 14. Ra1 Qxb2
15. Bc3 Qxc3+ 16. Nxc3 Nxe5 17. Nxe5 Bxe5 18. Ra3 Nf5 19. O-O a6 20. Re1 Rb8 21.
Bg4 Bd6 22. Rb3 Bd7 23. Bxf5 Rxb3 24. cxb3 Rc8 25. Nxd5 exd5 26. Bxd7 1-0

[Event "Challenge"]
[Site "http://www.queenalice.com/game.php?id=845321"]
[Date "2010.10.13"]
[Round "-"]
[White "orlando"]
[Black "MonteiroM"]
[Result "0-1"]
[WhiteElo "1495"]
[BlackElo "1687"]

1. g3 e5 2. Bg2 d5 3. Nf3 Nc6 4. b3 Nf6 5. Bb2 Bd6 6. e3 Bg4 7. Qc1 e4 8. Nd4
Nxd4 9. Bxd4 c5 10. Bb2 Qe7 11. c3 Nd7 12. O-O Ne5 13. c4 Nf3+ 14. Kh1 Qg5 15.
h4 Nxh4 16. f4 exf3 17. Bxf3 Bxf3+ 18. Rxf3 Nxf3 19. Qf1 Qxg3 20. Qg2 Qh4+ 0-1

[Event "Challenge"]
[Site "http://www.queenalice.com/game.php?id=847363"]
[Date "2010.10.17"]
[Round "-"]
[White "MonteiroM"]
[Black "mig36"]
[Result "1-0"]
[WhiteElo "1981"]
[BlackElo "2252"]

1. e4 c5 2. Nf3 d6 3. d4 cxd4 4. Nxd4 Nf6 5. Nc3 g6 6. Bc4 Nc6 7. Nxc6 bxc6 8.
e5 dxe5 9. Bxf7+ Kxf7 10. Qxd8 Bg7 11. Qc7 Bf5 12. O-O h5 13. Qxc6 Rac8 14. Qa4
h4 15. h3 Rh5 16. Be3 g5 17. Bxa7 g4 18. hxg4 Bxg4 19. f3 Bf5 20. Ne4 1-0

[Event "Challenge"]
[Site "http://www.queenalice.com/game.php?id=853943"]
[Date "2010.11.3"]
[Round "-"]
[White "MonteiroM"]
[Black "orlando"]
[Result "1-0"]
[WhiteElo "1933"]
[BlackElo "1504"]

1. e4 g6 2. d4 Bg7 3. Nf3 Nf6 4. Nc3 O-O 5. Be2 c6 6. O-O e6 7. Bg5 Qb6 8. e5
Nd5 9. Nxd5 cxd5 10. Qc1 Nc6 11. c3 a5 12. Bh6 Ne7 13. Bxg7 Kxg7 14. Bd3 d6 15.
Qg5 Nf5 16. Qf6+ Kg8 17. Bxf5 exf5 18. exd6 Qxb2 19. Ne5 Be6 20. Rab1 Qxc3 21.
Nxg6 hxg6 22. Rb3 Qxb3 23. axb3 Rfd8 24. f4 Rxd6 25. Rf3 1-0

[Event "Challenge"]
[Site "http://www.queenalice.com/game.php?id=871750"]
[Date "2010.12.14"]
[Round "-"]
[White "mig36"]
[Black "MonteiroM"]
[Result "1-0"]
[WhiteElo "2303"]
[BlackElo "2055"]

1. e4 c5 2. Nf3 Nc6 3. d4 cxd4 4. Nxd4 e5 5. Nb5 a6 6. Nd6+ Bxd6 7. Qxd6 Qf6 8.
Qc7 Nge7 9. Bd3 O-O 10. O-O d5 11. f4 exf4 12. Qxf4 Qxf4 13. Bxf4 Be6 14. Nc3
Rad8 15. exd5 Nxd5 16. Nxd5 Bxd5 17. a3 Rfe8 18. Rfe1 f6 19. Rxe8+ Rxe8 20. c4
Bf7 21. Rc1 Na5 22. b4 Nb3 23. Rc3 Nd4 24. Kf2 g5 25. Be3 Nc6 26. Be2 Ne5 27.
Bd4 Rc8 28. Bxe5 fxe5 29. c5 Bd5 30. Rg3 h6 31. h4 Rf8+ 32. Ke3 Rf5 33. Bd3 e4
34. Bxe4 Bxe4 35. Kxe4 Rf4+ 36. Ke5 Rxh4 37. Rh3 Rg4 38. Rxh6 Rxg2 39. Rb6 Re2+
40. Kf5 Re7 41. c6 bxc6 42. Rxc6 Ra7 43. Kxg5 Kf7 44. Kf5 Ke7 45. Ke4 Kd7 46.
Kd5 Ra8 47. Kc5 a5 48. b5 Rh8 49. a4 Rh4 50. Rd6+ Kc8 51. Rd4 Rh6 52. b6 Rh5+
53. Kc6 Rh6+ 54. Kb5 Kb7 55. Rd7+ Kc8 56. Rc7+ 1-0

[Event "Challenge"]
[Site "http://www.queenalice.com/game.php?id=893728"]
[Date "2011.1.31"]
[Round "-"]
[White "MonteiroM"]
[Black "mig36"]
[Result "0-1"]
[WhiteElo "2062"]
[BlackElo "2296"]

1. e4 d5 2. exd5 Nf6 3. d4 Qxd5 4. Nf3 Bg4 5. Nc3 Qa5 6. h3 Bh5 7. g4 Bg6 8. Ne5
Nbd7 9. Nc4 Qa6 10. Bf4 Qe6+ 11. Ne3 Qb6 12. Nb5 Rc8 13. g5 Be4 14. f3 Nd5 15.
Nxd5 Bxd5 16. c4 e5 17. cxd5 exf4 18. Qd2 a6 19. Nc3 Bd6 20. O-O-O O-O 21. Bd3
Rfe8 22. Bf5 Rcd8 23. Rhe1 Nf8 24. Re4 Ng6 25. Rde1 Rxe4 26. fxe4 Nh4 27. Bg4
Be7 28. e5 Bxg5 29. e6 fxe6 30. Rxe6 Qb4 31. Qe1 f3+ 32. Kb1 Rf8 33. Re8 f2 0-1

[Event "Challenge"]
[Site "http://www.queenalice.com/game.php?id=893729"]
[Date "2011.1.31"]
[Round "-"]
[White "mig36"]
[Black "MonteiroM"]
[Result "0-1"]
[WhiteElo "2320"]
[BlackElo "2079"]

1. f4 d5 2. Nf3 c5 3. e3 g6 4. c3 Nf6 5. d4 e6 6. Bd3 Nbd7 7. O-O Bg7 8. b3 O-O
9. Nbd2 Qc7 10. a4 b6 11. Ba3 Bb7 12. Rc1 Rfe8 13. Qe2 Ne4 14. Ne5 Ndf6 15. a5
Nxd2 16. Qxd2 Ne4 17. Qe1 f6 18. Ng4 c4 19. bxc4 dxc4 20. Be2 bxa5 21. Bf3 Rab8
22. Nf2 Nxf2 23. Rxf2 Bxf3 24. Rxf3 Rb3 25. Bc5 Reb8 26. e4 a4 27. Qe2 Qc6 28.
f5 a3 29. Rcf1 Qa4 30. Qa2 exf5 31. exf5 g5 32. Bd6 Re8 33. h3 Bf8 34. Bxf8 Kxf8
35. Ra1 Qa5 36. Kh1 Qd5 37. Rd1 Qe4 38. Rc1 Qe2 39. Rf2 Qxa2 40. Rxa2 Re3 0-1

[Event "Challenge"]
[Site "http://www.queenalice.com/game.php?id=894515"]
[Date "2011.2.1"]
[Round "-"]
[White "MonteiroM"]
[Black "eddval"]
[Result "1-0"]
[WhiteElo "2049"]
[BlackElo "2108"]

1. e4 e5 2. Nc3 Nf6 3. f4 d6 4. Nf3 Bg4 5. h3 Bxf3 6. Qxf3 Nc6 7. Bb5 Qd7 8. Nd5
a6 9. Nxf6+ gxf6 10. Ba4 b5 11. Bb3 Nd4 12. Qf2 c6 13. d3 Nxb3 14. axb3 c5 15.
O-O Rg8 16. Qh4 h6 17. Be3 Rg6 18. Rf2 Be7 19. f5 Rg8 20. Qxh6 Kd8 21. Bd2 Kc7
22. b4 Kb7 23. bxc5 dxc5 24. Qe3 Rgc8 25. Rf3 c4 26. Kh1 cxd3 27. Qxd3 Qxd3 28.
Rxd3 Rxc2 29. Rd7+ Rc7 30. Rxc7+ Kxc7 31. h4 Kb6 32. Ba5+ Kc5 33. Rd1 Bd6 34.
Kh2 Rh8 35. Kh3 Kc6 36. Bd2 b4 37. g4 a5 38. b3 Bc5 39. Bc1 Bd4 40. h5 Kb5 41.
Kg3 a4 42. bxa4+ Kxa4 43. Kf3 Kb3 44. Be3 Kc2 45. Rc1+ Kd3 46. Rd1+ Kc4 47. Rc1+
Bc3 48. h6 Kb3 49. Ke2 Kb2 50. Kd3 Rd8+ 51. Ke2 b3 52. g5 fxg5 53. Bxg5 f6 54.
Be3 Ka2 55. Rxc3 b2 56. Bc1 Rb8 57. Rc2 Rg8 58. Rxb2+ Ka1 59. h7 Rg2+ 60. Kf3
Rg3+ 61. Ke2 Rg2+ 62. Kd3 1-0

[Event "AUTO-OPEN-2086"]
[Site "http://www.queenalice.com/game.php?id=921566"]
[Date "2011.4.4"]
[Round "2"]
[White "Dolskkier"]
[Black "MonteiroM"]
[Result "1-0"]
[WhiteElo "2277"]
[BlackElo "2099"]

1. e4 c5 2. Nf3 Nc6 3. d4 cxd4 4. Nxd4 e5 5. Nb5 d6 6. Bg5 Qxg5 7. Nc7+ Kd8 8.
Nxa8 b6 9. Nd2 Bb7 10. Nxb6 axb6 11. c3 Ke8 12. Qb3 Qd8 13. a4 Qc7 14. Nc4 Nf6
15. Qxb6 Qxb6 16. Nxb6 Nxe4 17. a5 Na7 18. f3 Nc5 19. b4 1-0

[Event "AUTO-OPEN-2086"]
[Site "http://www.queenalice.com/game.php?id=921567"]
[Date "2011.4.4"]
[Round "2"]
[White "MonteiroM"]
[Black "Dolskkier"]
[Result "0-1"]
[WhiteElo "2106"]
[BlackElo "2270"]

1. e4 c5 2. Nf3 e6 3. d4 cxd4 4. Nxd4 a6 5. Nc3 Bb4 6. Bd2 Nc6 7. Nxc6 bxc6 8.
Bd3 d5 9. O-O Bd6 10. Re1 d4 11. Ne2 Nf6 12. h3 c5 13. f4 e5 14. fxe5 Bxe5 15.
Bf4 Qc7 16. Qd2 O-O 17. Bxe5 Qxe5 18. Qf4 Nd7 19. Qxe5 Nxe5 20. Nf4 Rb8 21. b3
f6 0-1

[Event "AUTO-OPEN-2086"]
[Site "http://www.queenalice.com/game.php?id=921570"]
[Date "2011.4.4"]
[Round "2"]
[White "GM_Westerley_1993"]
[Black "MonteiroM"]
[Result "0-1"]
[WhiteElo "1760"]
[BlackElo "2104"]

1. d4 Nf6 2. c4 e6 3. Nc3 b6 4. e4 Bb4 5. Qc2 c5 6. a3 Bxc3+ 7. bxc3 d5 8. e5
Nfd7 9. Nf3 Bb7 10. Bd3 dxc4 11. Bxc4 Bxf3 12. gxf3 cxd4 13. cxd4 Nc6 14. Qe4
Rc8 15. Bb5 Ne7 16. Rg1 Nf5 17. Kd2 a6 18. Bxa6 Nc5 19. Bb5+ Kf8 20. Qg4 Nb3+
21. Ke2 Nxa1 22. Bd3 Nc2 23. Bxf5 Nxd4+ 24. Kf1 Rxc1+ 0-1

[Event "AUTO-OPEN-2086"]
[Site "http://www.queenalice.com/game.php?id=921571"]
[Date "2011.4.4"]
[Round "2"]
[White "MonteiroM"]
[Black "GM_Westerley_1993"]
[Result "1-0"]
[WhiteElo "2067"]
[BlackElo "1976"]

1. e4 c6 2. d4 d5 3. e5 Bf5 4. Be3 Nd7 5. Bd3 Bxd3 6. Qxd3 g6 7. Nf3 Bg7 8. O-O
e6 9. Nbd2 Ne7 10. h4 Qc7 11. c4 O-O-O 12. Qa3 Nxe5 13. Nxe5 Bxe5 14. dxe5 Qxe5
15. Qxe7 f5 16. Qc5 d4 17. Qxe5 1-0